=LDR 00000nam 2200000 4500 =001 INLIS000000000052670 =005 20180222091332 =035 ##$$a 0010-0218000366 =007 ta =008 180222###########################0###### =020 ##$$a 978-602-425-099-7 =082 ##$$a 632.95 =084 ##$$a 632.95 LOE p =100 #$$a Loekas Soesanto =245 1#$$a Pengantar pestisida hayati : $b Adendum metabolit sekunder agensia hayati /$c Prof. Loekas Soesanto =250 ##$$a cet.1 =260 ##$$a Jakarta :$b Rajawali Pers,$c 2017 =300 ##$$a 119 hlm. : $b ilus ; $c 23 cm. =500 ##$$a Biografi : hlm 225 =650 ##$$a Pestisida pertanian =504 ##$$a Bibliografi : Hlm 200-203 =990 ##$$a 45424542 =990 ##$$a 45424542 =990 ##$$a 45424542 =990 ##$$a 45424542 =990 ##$$a 45424542 =990 ##$$a 21710001 =990 ##$$a 01201804542 =990 ##$$a 01201804543 =990 ##$$a 01201804544 =990 ##$$a 01201804545 =990 ##$$a 21710002 =990 ##$$a 01201804542 =990 ##$$a 01201804543 =990 ##$$a 01201804544 =990 ##$$a 21710001 =990 ##$$a 21710003 =990 ##$$a 01201804542 =990 ##$$a 01201804543 =990 ##$$a 21710002 =990 ##$$a 21710001 =990 ##$$a 21710004 =990 ##$$a 01201804542 =990 ##$$a 21710003 =990 ##$$a 21710002 =990 ##$$a 21710001 =990 ##$$a 21710005 =990 ##$$a 21710004 =990 ##$$a 21710003 =990 ##$$a 21710002 =990 ##$$a 21710001